LEADER 02456nam0 2200505 i 450 001 IEI0100934 005 20251003044158.0 010 $a8820497220 020 $aIT$b97-1362 100 $a19960624d1996 ||||0itac50 ba 101 | $aita 102 $ait 181 1$6z01$ai $bxxxe 182 1$6z01$an 183 1$6z01$anc$2RDAcarrier 200 1 $aˆI ‰comitati aziendali europei: la direttiva 94/45/CE: problemi di attuazione e prospettive di evoluzione delle relazioni di lavoro$fa cura di Marianna De Luca 210 $aMilano$cF. Angeli$d\1996! 215 $a159 p.$d22 cm 225 | $aFondazione Giulio Pastore$i. Sez. Diritto e politiche del lavoro$v1 300 $aAtti del Convegno tenuto a Roma nel 1995 300 $aIn appendice il testo della direttiva. 312 $aTit. sul dorso: ˆI ‰comitati aziendali europei.$9CFI0327194 410 0$1001IEI0100940$12001 $aFondazione Giulio Pastore$i. Sez. Diritto e politiche del lavoro$v1 517 1 $aˆI ‰comitati aziendali europei.$9CFI0327194 606 $aRelazioni industriali$xDirettive comunitarie$2FIR$3CFIC087829$9I 606 $aRappresentanza sindacale$xDirettive comunitarie$2FIR$3CFIC087831$9I 676 $a341.763$9DIRITTO INTERNAZIONALE DEL LAVORO$v20 676 $a341.763$9Diritto internazionale del lavoro$v22 676 $a344.401$9DIRITTO DEL LAVORO. EUROPA$v20 696 $aDirettive della Comunità europea$aDirettive dell'Unione europea 696 $aRappresentanza sindacale alla contrattazione collettiva$aDirettive della Comunità europea$aDirettive dell'Unione europea 699 $aDirettive comunitarie$yDirettive della Comunità europea 699 $aDirettive comunitarie$yDirettive dell'Unione europea 699 $aRappresentanza sindacale$yRappresentanza sindacale alla contrattazione collettiva 699 $aDirettive comunitarie$yDirettive della Comunità europea 699 $aDirettive comunitarie$yDirettive dell'Unione europea 702 1$aDe Luca$b, Marianna$f <1966- >$3CFIV327535 801 3$aIT$bIT-000000$c19960624 850 $aIT-BN0095 901 $bNAP 01$cD $n$ 912 $aIEI0100934 950 0$aBiblioteca Centralizzata di Ateneo$d 01D (AR) 20 850$e 01AR 0700208505 VMA A4 1 v.$fY $h19970422$i20181204 977 $a 01 996 $aComitati aziendali europei: la direttiva 94$91539387 997 $aUNISANNIO